00767 2200205 4500001002100000005001700021008004100038035002500079082000800104090001700112100002300129245012800152260012700280300004800407500002300455504003100478650002200509850001200531990001800543YOGYA-0213000000060520150420124142.0 ind  a0010-021300000000605 a354 aSK 354 Kho P aKHOERIYAH NUR'AINI aPeran Camat dalam Pembinaan Administrasi Desa (Suatu Penelitian Deskriptif Kwalitatif...) /cdisusun oleh Khoeriyah Nuraini aYogyakartabJurusan Ilmu Pemerintahan Sekolah Tinggi Pembangunan Masyarakat Desa Akademi Pembangunan Masyarakat Desac2003 axii, 77 (12) lbr. :bilus., lamp. ;c29 cm. aSkripsi STPMD APMD aBibliografi : (lbr. 78-80) aPemerintahan Desa aYOPDYOG a43979-PD/A.12